[Event "Silkway Cup"]
[Site "T#646345FIDE"]
[Date "2020.05.26"]
[Round "4"]
[White "HasanzadeT"]
[Black "Nino2014"]
[Result "0-1"]
[WhiteElo "1648"]
[BlackElo "1781"]
[Annotator "NA"]
[PlyCount "136"]
[EventDate "2020.05.26"]
[EventType "swiss (blitz)"]

1. e4 {[%emt 0:00:06]} e5 {[%emt 0:00:02]} 2. Nf3 {[%emt 0:00:01]} Nc6 {[%emt 0:00:01]} 3. Bb5 {[%emt 0:00:01]} a6 {[%emt 0:00:03]} 4. Ba4 {[%emt 0:00:01]} Nf6 {[%emt 0:00:02]} 5. O-O {[%emt 0:00:02]} b5 {[%emt 0:00:02]} 6. Bb3 {[%emt 0:00:02]} Bc5 {[%emt 0:00:02]} 7. c3 {[%emt 0:00:01]} d6 {[%emt 0:00:03]} 8. d4 {[%emt 0:00:07]} Bb6 {[%emt 0:00:02]} 9. dxe5 {[%emt 0:00:08]} dxe5 {[%emt 0:00:03]} 10. Qxd8+ {[%emt 0:00:04]} Nxd8 {[%emt 0:00:11]} 11. Nxe5 {[%emt 0:00:04]} Nxe4 {[%emt 0:00:06]} 12. Nd2 {[%emt 0:00:03]} Nc5 {[%emt 0:00:24]} 13. Ndf3 {[%emt 0:00:25]} Nxb3 {[%emt 0:00:12]} 14. axb3 {[%emt 0:00:03]} O-O {[%emt 0:00:01]} 15. c4 {[%emt 0:00:21]} bxc4 {[%emt 0:00:23]} 16. Nxc4 {[%emt 0:00:08]} Bc5 {[%emt 0:00:26]} 17. Be3 {[%emt 0:00:11]} Bxe3 {[%emt 0:00:09]} 18. Nxe3 {[%emt 0:00:00]} Ne6 {[%emt 0:00:01]} 19. Rfc1 {[%emt 0:00:09]} Bb7 {[%emt 0:00:06]} 20. Ne5 {[%emt 0:00:09]} Rfd8 {[%emt 0:00:04]} 21. Rd1 {[%emt 0:00:06]} Nd4 {[%emt 0:00:16]} 22. N5c4 {[%emt 0:00:14]} Nxb3 {[%emt 0:00:08]} 23. Rxd8+ {[%emt 0:00:12]} Rxd8 {[%emt 0:00:00]} 24. Ra3 {[%emt 0:00:05]} Nd4 {[%emt 0:00:27]} 25. h3 {[%emt 0:00:04]} h6 {[%emt 0:00:02]} 26. b4 {[%emt 0:00:10]} Nc6 {[%emt 0:00:06]} 27. Rb3 {[%emt 0:00:16]} Bc8 {[%emt 0:00:04]} 28. b5 {[%emt 0:00:08]} Nd4 {[%emt 0:00:03]} 29. Rb2 {[%emt 0:00:15]} axb5 {[%emt 0:00:01]} 30. Ne5 {[%emt 0:00:07]} c5 {[%emt 0:00:03]} 31. Nd3 {[%emt 0:00:04]} c4 {[%emt 0:00:02]} 32. Nb4 {[%emt 0:00:01]} c3 {[%emt 0:00:03]} 33. Ra2 {[%emt 0:00:02]} Be6 {[%emt 0:00:02]} 34. Ra7 {[%emt 0:00:04]} Rc8 {[%emt 0:00:01]} 35. Nec2 {[%emt 0:00:10]} Nxc2 {[%emt 0:00:02]} 36. Nxc2 {[%emt 0:00:00]} Bb3 {[%emt 0:00:02]} 37. Nd4 {[%emt 0:00:02]} c2 {[%emt 0:00:01]} 38. Nxb3 {[%emt 0:00:01]} c1=Q+ {[%emt 0:00:03]} 39. Nxc1 {[%emt 0:00:01]} Rxc1+ {[%emt 0:00:00]} 40. Kh2 {[%emt 0:00:00]} Rc2 {[%emt 0:00:02]} 41. Rb7 {[%emt 0:00:01]} Rb2 {[%emt 0:00:02]} 42. Kg3 {[%emt 0:00:01]} g5 {[%emt 0:00:01]} 43. f3 {[%emt 0:00:06]} Kg7 {[%emt 0:00:01]} 44. Rb6 {[%emt 0:00:03]} h5 {[%emt 0:00:02]} 45. Rb7 {[%emt 0:00:04]} h4+ {[%emt 0:00:02]} 46. Kh2 {[%emt 0:00:02]} b4 {[%emt 0:00:01]} 47. Rb5 {[%emt 0:00:02]} Kg6 {[%emt 0:00:02]} 48. Rb6+ {[%emt 0:00:02]} f6 {[%emt 0:00:01]} 49. Rb5 {[%emt 0:00:01]} b3 {[%emt 0:00:01]} 50. Rb8 {[%emt 0:00:01]} Rb1 {[%emt 0:00:01]} 51. Rb5 {[%emt 0:00:02]} Kf7 {[%emt 0:00:02]} 52. Rb6 {[%emt 0:00:01]} Ke7 {[%emt 0:00:01]} 53. Rb7+ {[%emt 0:00:01]} Ke6 {[%emt 0:00:01]} 54. Rb6+ {[%emt 0:00:01]} Ke5 {[%emt 0:00:01]} 55. Rb5+ {[%emt 0:00:02]} Kd4 {[%emt 0:00:01]} 56. Rb6 {[%emt 0:00:01]} Kc3 {[%emt 0:00:09]} 57. Rxf6 {[%emt 0:00:02]} Rd1 {[%emt 0:00:02]} 58. Rc6+ {[%emt 0:00:02]} Kd2 {[%emt 0:00:02]} 59. Rb6 {[%emt 0:00:01]} Kc2 {[%emt 0:00:01]} 60. Rc6+ {[%emt 0:00:02]} Kb1 {[%emt 0:00:01]} 61. Rc5 {[%emt 0:00:04]} b2 {[%emt 0:00:04]} 62. Rxg5 {[%emt 0:00:02]} Kc2 {[%emt 0:00:02]} 63. Rc5+ {[%emt 0:00:02]} Kd3 {[%emt 0:00:01]} 64. Rd5+ {[%emt 0:00:03]} Ke2 {[%emt 0:00:01]} 65. Rb5 {[%emt 0:00:05]} b1=Q {[%emt 0:00:01]} 66. Rxb1 {[%emt 0:00:01]} Rxb1 {[%emt 0:00:01]} 67. g3 {[%emt 0:00:00]} Kxf3 {[%emt 0:00:02]} 68. gxh4 {[%emt 0:00:02]} Rb2+ {[%emt 0:00:01]} 0-1

[Event "Silkway Cup"]
[Site "T#646345FIDE"]
[Date "2020.05.26"]
[Round "4"]
[White "Moonlightbae"]
[Black "Niadongh"]
[Result "1/2-1/2"]
[WhiteElo "1633"]
[BlackElo "1648"]
[Annotator "NA"]
[PlyCount "27"]
[EventDate "2020.05.26"]
[EventType "swiss (blitz)"]

1. d4 {[%emt 0:00:04]} Nf6 {[%emt 0:00:07]} 2. c4 {[%emt 0:00:01]} c5 {[%emt 0:00:01]} 3. d5 {[%emt 0:00:01]} e6 {[%emt 0:00:00]} 4. Nc3 {[%emt 0:00:01]} exd5 {[%emt 0:00:00]} 5. cxd5 {[%emt 0:00:01]} d6 {[%emt 0:00:00]} 6. Bf4 {[%emt 0:00:03]} g6 {[%emt 0:00:11]} 7. Qa4+ {[%emt 0:00:15]} Nbd7 {[%emt 0:01:00]} 8. e4 {[%emt 0:00:09]} a6 {[%emt 0:00:44]} 9. Nf3 {[%emt 0:00:08]} Nh5 {[%emt 0:00:12]} 10. Bg5 {[%emt 0:00:03]} Be7 {[%emt 0:00:01]} 11. Bh6 {[%emt 0:00:01]} Bf8 {[%emt 0:00:01]} 12. Bg5 {[%emt 0:00:01]} Be7 {[%emt 0:00:01]} 13. Bh6 {[%emt 0:00:01]} Bf8 {[%emt 0:00:01]} 14. Bg5 {[%emt 0:00:01] (Lag: Av=0.28s, max=0.3s)} 1/2-1/2

[Event "Silkway Cup"]
[Site "T#646345FIDE"]
[Date "2020.05.26"]
[Round "4"]
[White "Ulka96"]
[Black "Mammadzada"]
[Result "0-1"]
[WhiteElo "1620"]
[BlackElo "1606"]
[Annotator "NA"]
[PlyCount "64"]
[EventDate "2020.05.26"]
[EventType "swiss (blitz)"]

1. b3 {[%emt 0:00:05]} d5 {[%emt 0:00:03]} 2. Bb2 {[%emt 0:00:01]} c5 {[%emt 0:00:01]} 3. g3 {[%emt 0:00:01]} Nc6 {[%emt 0:00:03]} 4. Bg2 {[%emt 0:00:01]} e5 {[%emt 0:00:06]} 5. e3 {[%emt 0:00:05]} Nf6 {[%emt 0:00:13]} 6. Ne2 {[%emt 0:00:01]} Be7 {[%emt 0:00:06]} 7. O-O {[%emt 0:00:01]} O-O {[%emt 0:00:01]} 8. f4 {[%emt 0:00:01]} exf4 {[%emt 0:00:19]} 9. Nxf4 {[%emt 0:00:15]} Bg4 {[%emt 0:00:06]} 10. Qc1 {[%emt 0:00:29]} Re8 {[%emt 0:00:35]} 11. Nc3 {[%emt 0:00:02]} d4 {[%emt 0:00:06]} 12. Ncd5 {[%emt 0:00:01]} Qd7 {[%emt 0:00:14]} 13. Nxe7+ {[%emt 0:01:20]} Nxe7 {[%emt 0:00:24]} 14. c3 {[%emt 0:00:36]} dxe3 {[%emt 0:00:22]} 15. dxe3 {[%emt 0:00:01]} c4 {[%emt 0:00:01]} 16. bxc4 {[%emt 0:00:02]} Bf5 {[%emt 0:00:11]} 17. Nd5 {[%emt 0:00:17]} Nexd5 {[%emt 0:00:26]} 18. cxd5 {[%emt 0:00:01]} Be4 {[%emt 0:00:00]} 19. c4 {[%emt 0:00:02]} Bxg2 {[%emt 0:00:02]} 20. Kxg2 {[%emt 0:00:01]} Ne4 {[%emt 0:00:03]} 21. Bd4 {[%emt 0:00:02]} b5 {[%emt 0:00:03]} 22. Rf4 {[%emt 0:00:03]} bxc4 {[%emt 0:00:10]} 23. Qxc4 {[%emt 0:00:01]} Rac8 {[%emt 0:00:02]} 24. Qd3 {[%emt 0:00:01]} Qxd5 {[%emt 0:00:02]} 25. Raf1 {[%emt 0:00:03]} Nc5+ {[%emt 0:00:05]} 26. e4 {[%emt 0:00:10]} Qxa2+ {[%emt 0:00:06]} 27. R4f2 {[%emt 0:00:06] .} Qxf2+ {[%emt 0:00:01]} 28. Rxf2 {[%emt 0:00:03]} Nxd3 {[%emt 0:00:00]} 29. Rd2 {[%emt 0:00:02]} Rxe4 {[%emt 0:00:04]} 30. Rxd3 {[%emt 0:00:01]} Rd8 {[%emt 0:00:01]} 31. Rc3 {[%emt 0:00:02]} Rexd4 {[%emt 0:00:01]} 32. Rc7 {[%emt 0:00:01]} R4d7 {[%emt 0:00:00] Ulka96 resigns (Lag: Av=0.46s, max=0.5s)} 0-1

[Event "Silkway Cup"]
[Site "T#646345FIDE"]
[Date "2020.05.26"]
[Round "4"]
[White "Nara_Kh"]
[Black "Sadikhov_Ulvi"]
[Result "0-1"]
[WhiteElo "1608"]
[BlackElo "2290"]
[PlyCount "116"]
[EventDate "2020.05.26"]
[EventType "swiss (blitz)"]

1. e4 {[%emt 0:00:02]} c5 {[%emt 0:00:02]} 2. Be2 {[%emt 0:00:01]} Nc6 {[%emt 0:00:01]} 3. f4 {[%emt 0:00:01]} d6 {[%emt 0:00:03]} 4. Nf3 {[%emt 0:00:01]} g6 {[%emt 0:00:01]} 5. O-O {[%emt 0:00:01]} Bg7 {[%emt 0:00:00]} 6. d3 {[%emt 0:00:01]} Bg4 {[%emt 0:00:02]} 7. c3 {[%emt 0:00:08]} Nf6 {[%emt 0:00:01]} 8. Qe1 {[%emt 0:00:01]} O-O {[%emt 0:00:02]} 9. Nbd2 {[%emt 0:00:06]} Nd7 {[%emt 0:00:39]} 10. Qh4 {[%emt 0:00:34]} Bxf3 {[%emt 0:00:01]} 11. Nxf3 {[%emt 0:00:01]} e6 {[%emt 0:00:00]} 12. Qh3 {[%emt 0:00:15]} Qe7 {[%emt 0:00:16]} 13. Bd2 {[%emt 0:00:19]} f5 {[%emt 0:00:09]} 14. Rae1 {[%emt 0:00:08]} h6 {[%emt 0:00:04]} 15. exf5 {[%emt 0:00:31]} exf5 {[%emt 0:00:02]} 16. Bd1 {[%emt 0:00:01]} Qf7 {[%emt 0:00:02]} 17. Bb3 {[%emt 0:00:01]} d5 {[%emt 0:00:01]} 18. Re2 {[%emt 0:00:29]} c4 {[%emt 0:00:09]} 19. dxc4 {[%emt 0:00:17]} dxc4 {[%emt 0:00:01]} 20. Bc2 {[%emt 0:00:01]} Rfe8 {[%emt 0:00:08]} 21. Rfe1 {[%emt 0:00:02]} Rxe2 {[%emt 0:00:06]} 22. Rxe2 {[%emt 0:00:00]} Re8 {[%emt 0:00:01]} 23. Rxe8+ {[%emt 0:00:07]} Qxe8 {[%emt 0:00:02]} 24. Qg3 {[%emt 0:00:00]} Nc5 {[%emt 0:00:25]} 25. Qf2 {[%emt 0:00:27]} Ne4 {[%emt 0:00:12]} 26. Qe1 {[%emt 0:00:02]} Kf7 {[%emt 0:00:04]} 27. Be3 {[%emt 0:00:01]} a6 {[%emt 0:00:08]} 28. g3 {[%emt 0:00:02]} b5 {[%emt 0:00:01]} 29. Kg2 {[%emt 0:00:01]} Qe6 {[%emt 0:00:10]} 30. Nd2 {[%emt 0:00:06]} Nf6 {[%emt 0:00:09]} 31. Nf3 {[%emt 0:00:04]} Nd5 {[%emt 0:00:08]} 32. Bd2 {[%emt 0:00:01]} Qxe1 {[%emt 0:00:01]} 33. Nxe1 {[%emt 0:00:01]} b4 {[%emt 0:00:08]} 34. cxb4 {[%emt 0:00:04]} Ncxb4 {[%emt 0:00:03]} 35. Bd1 {[%emt 0:00:03]} Bxb2 {[%emt 0:00:02]} 36. Nc2 {[%emt 0:00:01]} Nxc2 {[%emt 0:00:10]} 37. Bxc2 {[%emt 0:00:01]} Ke6 {[%emt 0:00:04]} 38. Kf3 {[%emt 0:00:05]} Kd6 {[%emt 0:00:02]} 39. Ke2 {[%emt 0:00:02]} Bc3 {[%emt 0:00:05]} 40. Bc1 {[%emt 0:00:01]} Bb4 {[%emt 0:00:04]} 41. a3 {[%emt 0:00:03]} Nc3+ {[%emt 0:00:05]} 42. Kf3 {[%emt 0:00:02]} Bc5 {[%emt 0:00:02]} 43. g4 {[%emt 0:00:01]} Ke6 {[%emt 0:00:05]} 44. gxf5+ {[%emt 0:00:01]} gxf5 {[%emt 0:00:00]} 45. h4 {[%emt 0:00:01]} Nb5 {[%emt 0:00:01]} 46. a4 {[%emt 0:00:01]} Nd4+ {[%emt 0:00:01]} 47. Kg3 {[%emt 0:00:06]} Nxc2 {[%emt 0:00:01]} 48. Bd2 {[%emt 0:00:03]} Nd4 {[%emt 0:00:02]} 49. h5 {[%emt 0:00:02]} c3 {[%emt 0:00:01]} 50. Bxc3 {[%emt 0:00:02]} Ne2+ {[%emt 0:00:01]} 51. Kf3 {[%emt 0:00:01]} Nxc3 {[%emt 0:00:00]} 52. a5 {[%emt 0:00:01]} Kd5 {[%emt 0:00:02]} 53. Kg3 {[%emt 0:00:03]} Bb4 {[%emt 0:00:01]} 54. Kh4 {[%emt 0:00:01]} Bxa5 {[%emt 0:00:00]} 55. Kh3 {[%emt 0:00:01]} Bb4 {[%emt 0:00:00]} 56. Kh4 {[%emt 0:00:00]} a5 {[%emt 0:00:00]} 57. Kh3 {[%emt 0:00:00]} a4 {[%emt 0:00:00]} 58. Kh4 {[%emt 0:00:00]} a3 {[%emt 0:00:00] Nara_Kh Ñäàåòñÿ (Lag: Av=0.50s, max=0.9s)} 0-1

[Event "Silkway Cup"]
[Site "T#646345FIDE"]
[Date "2020.05.26"]
[Round "4"]
[White "Ati1517"]
[Black "Muradli mahammad"]
[Result "0-1"]
[WhiteElo "1597"]
[BlackElo "2533"]
[Annotator "NA"]
[PlyCount "96"]
[EventDate "2020.05.26"]
[EventType "swiss (blitz)"]

1. d4 {[%emt 0:00:04]} Nf6 {[%emt 0:00:07]} 2. Nf3 {[%emt 0:00:02]} g6 {[%emt 0:00:02]} 3. c4 {[%emt 0:00:02]} Bg7 {[%emt 0:00:00]} 4. Nc3 {[%emt 0:00:02]} O-O {[%emt 0:00:00]} 5. g3 {[%emt 0:00:01]} d5 {[%emt 0:00:06]} 6. cxd5 {[%emt 0:00:06]} Nxd5 {[%emt 0:00:00]} 7. Bg2 {[%emt 0:00:02]} c5 {[%emt 0:00:01] Muradli mahammad reconnected.} 8. O-O {[%emt 0:00:24]} Nc6 {[%emt 0:00:07]} 9. Nxd5 {[%emt 0:00:12]} Qxd5 {[%emt 0:00:00]} 10. dxc5 {[%emt 0:00:01]} Qxc5 {[%emt 0:00:02]} 11. Be3 {[%emt 0:00:10]} Qa5 {[%emt 0:00:01]} 12. Qb3 {[%emt 0:00:09] Muradli mahammad reconnected. Muradli mahammad reconnected.} Be6 {[%emt 0:00:03]} 13. Qxb7 {[%emt 0:00:05]} Rfc8 {[%emt 0:00:01] Muradli mahammad reconnected.} 14. Bd2 {[%emt 0:00:25] Muradli mahammad reconnected.} Qa4 {[%emt 0:00:02]} 15. b3 {[%emt 0:00:18]} Qa3 {[%emt 0:00:01] Muradli mahammad reconnected.} 16. Bc1 {[%emt 0:00:21]} Qa5 {[%emt 0:00:08]} 17. Bd2 {[%emt 0:00:03]} Qa3 {[%emt 0:00:03]} 18. Bc1 {[%emt 0:00:01]} Qb4 {[%emt 0:00:15]} 19. Qxb4 {[%emt 0:00:03]} Nxb4 {[%emt 0:00:00]} 20. Bd2 {[%emt 0:00:14]} Bxa1 {[%emt 0:00:03]} 21. Bxb4 {[%emt 0:00:01]} Bf6 {[%emt 0:00:01]} 22. h3 {[%emt 0:00:07]} Rab8 {[%emt 0:00:01]} 23. Bd2 {[%emt 0:00:03]} Rc2 {[%emt 0:00:01]} 24. Bf4 {[%emt 0:00:06]} Rd8 {[%emt 0:00:02]} 25. Ng5 {[%emt 0:00:06]} Bxg5 {[%emt 0:00:01]} 26. Bxg5 {[%emt 0:00:01]} f6 {[%emt 0:00:00]} 27. Be3 {[%emt 0:00:01]} Rxa2 {[%emt 0:00:01]} 28. b4 {[%emt 0:00:02]} Bc4 {[%emt 0:00:01]} 29. Rc1 {[%emt 0:00:02]} Be6 {[%emt 0:00:16] Muradli mahammad reconnected.} 30. Rc7 {[%emt 0:00:03]} Rd7 {[%emt 0:00:02]} 31. Rxd7 {[%emt 0:00:01]} Ra1+ {[%emt 0:00:01]} 32. Kh2 {[%emt 0:00:01]} Bxd7 {[%emt 0:00:01]} 33. Bd5+ {[%emt 0:00:01]} Kg7 {[%emt 0:00:02]} 34. Bc5 {[%emt 0:00:02]} e5 {[%emt 0:00:02]} 35. Kg2 {[%emt 0:00:04]} a5 {[%emt 0:00:02]} 36. Be4 {[%emt 0:00:09]} axb4 {[%emt 0:00:03]} 37. Bd5 {[%emt 0:00:09] Muradli mahammad reconnected.} Ra5 {[%emt 0:00:04]} 38. Bxb4 {[%emt 0:00:01]} Rxd5 {[%emt 0:00:01]} 39. g4 {[%emt 0:00:02]} Bc6 {[%emt 0:00:01]} 40. f3 {[%emt 0:00:02]} f5 {[%emt 0:00:04]} 41. gxf5 {[%emt 0:00:02]} gxf5 {[%emt 0:00:00]} 42. Kf2 {[%emt 0:00:01]} e4 {[%emt 0:00:01]} 43. f4 {[%emt 0:00:01]} Kg6 {[%emt 0:00:02]} 44. Kg3 {[%emt 0:00:02]} Rb5 {[%emt 0:00:02]} 45. Bd6 {[%emt 0:00:02]} Rb3+ {[%emt 0:00:00]} 46. Kg2 {[%emt 0:00:02]} Bb5 {[%emt 0:00:00]} 47. Kf2 {[%emt 0:00:02]} Rxh3 {[%emt 0:00:01]} 48. Be5 {[%emt 0:00:01]} h5 {[%emt 0:00:01] Ati1517 resigns (Lag: Av=1.72s, max=31.6s)} 0-1

[Event "Silkway Cup"]
[Site "T#646345FIDE"]
[Date "2020.05.26"]
[Round "4"]
[White "Diana lomaia"]
[Black "Profi013"]
[Result "0-1"]
[WhiteElo "1565"]
[BlackElo "1620"]
[Annotator "NA"]
[PlyCount "88"]
[EventDate "2020.05.26"]
[EventType "swiss (blitz)"]

1. d4 {[%emt 0:00:03]} d5 {[%emt 0:00:01]} 2. c4 {[%emt 0:00:01]} dxc4 {[%emt 0:00:00]} 3. e4 {[%emt 0:00:02]} Nf6 {[%emt 0:00:01]} 4. Nc3 {[%emt 0:00:03]} e5 {[%emt 0:00:02]} 5. Nf3 {[%emt 0:00:03]} exd4 {[%emt 0:00:02]} 6. Nxd4 {[%emt 0:00:02]} Bc5 {[%emt 0:00:02]} 7. Be3 {[%emt 0:00:20]} Ng4 {[%emt 0:00:02]} 8. Nf5 {[%emt 0:00:50]} Qxd1+ {[%emt 0:00:04]} 9. Rxd1 {[%emt 0:00:14]} Nxe3 {[%emt 0:00:01]} 10. Nxe3 {[%emt 0:00:04]} Bxe3 {[%emt 0:00:02]} 11. fxe3 {[%emt 0:00:01]} Be6 {[%emt 0:00:01]} 12. Nd5 {[%emt 0:00:14]} Bxd5 {[%emt 0:00:01]} 13. exd5 {[%emt 0:00:02]} Nd7 {[%emt 0:00:05]} 14. Bxc4 {[%emt 0:00:02]} O-O-O {[%emt 0:00:03]} 15. Kf2 {[%emt 0:00:09]} Ne5 {[%emt 0:00:01]} 16. Be2 {[%emt 0:00:09]} Rd6 {[%emt 0:00:02]} 17. Bf3 {[%emt 0:00:09]} Rhd8 {[%emt 0:00:02]} 18. e4 {[%emt 0:00:06]} c6 {[%emt 0:00:01]} 19. dxc6 {[%emt 0:00:24]} Rxc6 {[%emt 0:00:04]} 20. Rxd8+ {[%emt 0:00:03]} Kxd8 {[%emt 0:00:01]} 21. Rd1+ {[%emt 0:00:01]} Ke7 {[%emt 0:00:01]} 22. Rd2 {[%emt 0:00:04]} Rb6 {[%emt 0:00:10]} 23. b3 {[%emt 0:00:15]} f6 {[%emt 0:00:02]} 24. Be2 {[%emt 0:00:05]} Rd6 {[%emt 0:00:04]} 25. Rc2 {[%emt 0:00:03]} Rc6 {[%emt 0:00:08]} 26. Rd2 {[%emt 0:00:09]} Rc3 {[%emt 0:00:03]} 27. h3 {[%emt 0:00:12]} a6 {[%emt 0:00:02]} 28. g3 {[%emt 0:00:05]} a5 {[%emt 0:00:15]} 29. Bb5 {[%emt 0:00:02]} Rf3+ {[%emt 0:00:07]} 30. Kg2 {[%emt 0:00:02]} Re3 {[%emt 0:00:01]} 31. Kf2 {[%emt 0:00:02]} Rxe4 {[%emt 0:00:03]} 32. Rc2 {[%emt 0:00:01]} Kd6 {[%emt 0:00:08]} 33. Rd2+ {[%emt 0:00:01]} Kc5 {[%emt 0:00:03]} 34. Ba4 {[%emt 0:00:01]} b5 {[%emt 0:00:04]} 35. Rc2+ {[%emt 0:00:02]} Kb6 {[%emt 0:00:02]} 36. Bxb5 {[%emt 0:00:05]} Kxb5 {[%emt 0:00:02]} 37. Rc7 {[%emt 0:00:01]} g5 {[%emt 0:00:10]} 38. Rxh7 {[%emt 0:00:02]} g4 {[%emt 0:00:01]} 39. hxg4 {[%emt 0:00:01]} Nxg4+ {[%emt 0:00:07]} 40. Kf3 {[%emt 0:00:01]} Rd4 {[%emt 0:00:01]} 41. Rg7 {[%emt 0:00:03]} Ne5+ {[%emt 0:00:06]} 42. Ke3 {[%emt 0:00:01]} Rd1 {[%emt 0:00:05]} 43. Re7 {[%emt 0:00:04]} Re1+ {[%emt 0:00:03]} 44. Kf2 {[%emt 0:00:05]} Nd3+ {[%emt 0:00:01] Diana lomaia resigns (Lag: Av=0.62s, max=1.6s)} 0-1

[Event "Silkway Cup"]
[Site "T#646345FIDE"]
[Date "2020.05.26"]
[Round "4"]
[White "Elene tsotsonava"]
[Black "Powerstrong"]
[Result "0-1"]
[WhiteElo "1523"]
[BlackElo "1434"]
[Annotator "NA"]
[PlyCount "56"]
[EventDate "2020.05.26"]
[EventType "swiss (blitz)"]

1. e4 {[%emt 0:00:02]} c5 {[%emt 0:00:03]} 2. Nf3 {[%emt 0:00:01]} e6 {[%emt 0:00:01]} 3. d4 {[%emt 0:00:01]} cxd4 {[%emt 0:00:00]} 4. Nxd4 {[%emt 0:00:00]} Nf6 {[%emt 0:00:00]} 5. Nc3 {[%emt 0:00:01]} d6 {[%emt 0:00:00]} 6. g4 {[%emt 0:00:12]} h6 {[%emt 0:00:02]} 7. h4 {[%emt 0:00:03]} Nc6 {[%emt 0:00:02]} 8. Rg1 {[%emt 0:00:06]} h5 {[%emt 0:00:01]} 9. g5 {[%emt 0:00:04]} Ng4 {[%emt 0:00:01]} 10. Be2 {[%emt 0:00:16]} Qb6 {[%emt 0:00:13]} 11. Bxg4 {[%emt 0:00:46]} hxg4 {[%emt 0:00:12]} 12. Be3 {[%emt 0:00:18]} Qxb2 {[%emt 0:00:14]} 13. Na4 {[%emt 0:01:09]} Qb4+ {[%emt 0:00:05]} 14. c3 {[%emt 0:00:01]} Qa5 {[%emt 0:00:07]} 15. Qc2 {[%emt 0:00:25]} Nxd4 {[%emt 0:00:07]} 16. Bxd4 {[%emt 0:00:01]} e5 {[%emt 0:00:01]} 17. Be3 {[%emt 0:00:01]} Be6 {[%emt 0:00:03]} 18. Rd1 {[%emt 0:00:06]} Rc8 {[%emt 0:00:02]} 19. Rd2 {[%emt 0:00:03]} b5 {[%emt 0:00:02]} 20. Nb2 {[%emt 0:00:01]} Rxc3 {[%emt 0:00:01]} 21. Qd1 {[%emt 0:00:00]} Be7 {[%emt 0:00:11]} 22. Kf1 {[%emt 0:00:01]} Rxh4 {[%emt 0:00:09]} 23. Nd3 {[%emt 0:00:05]} Qa3 {[%emt 0:00:06]} 24. Rb2 {[%emt 0:00:02]} Rxd3 {[%emt 0:00:02]} 25. Qb1 {[%emt 0:00:01]} Rxe3 {[%emt 0:00:07]} 26. fxe3 {[%emt 0:00:03]} Qxe3 {[%emt 0:00:01]} 27. Rf2 {[%emt 0:00:03]} Bc4+ {[%emt 0:00:01]} 28. Kg2 {[%emt 0:00:02]} Qh3# {[%emt 0:00:01] (Lag: Av=0.56s, max=1.0s)} 0-1

[Event "Silkway Cup"]
[Site "T#646345FIDE"]
[Date "2020.05.26"]
[Round "5"]
[White "T-sanikidze"]
[Black "Ahmadzada"]
[Result "0-1"]
[WhiteElo "2834"]
[BlackElo "1835"]
[Annotator "TA"]
[PlyCount "172"]
[EventDate "2020.05.26"]
[EventType "swiss (blitz)"]

{[%evp 17,172,25,46,17,29,15,31,-10,3,-9,4,4,21,0,0,-15,-16,-23,0,-28,-18,-20,-21,-29,-13,-85,-13,-87,-82,-147,-36,-50,-37,-30,0,0,0,0,0,0,0,-111,0,-39,0,-92,-90,-160,-142,-106,-124,-118,-133,-129,-119,-88,-63,-167,-113,-118,-45,-66,-63,-110,-20,-260,-205,-205,-205,-1543,-1414,-6597,-6375,-6079,-5917,-5065,-2368,-2761,-2842,-1375,-1333,-2359,-2189,-1345,-1266,-5579,-5031,-5185,-3698,-5237,-4993,-5206,-5111,-4393,-2939,-2396,-2216,-5640,-5309,-2367,-2944,-2362,-2519,-5093,-4134,-4920,-3578,-4039,-3129,-29953,-29941,-12785,-12573,-5595,-5804,-29975,-29976,-29976,-29976,-4610,-165,-165,-8,-8,-8,-8,0,-8,-8,-8,-8,-8,-8,0,0,-8,-8,-8,-8,-8,-8,-8,-8,-8,-8,-8,-8,-8,-8,-8,0,-8,0,-29986,-29987,-29987,-29988]} 1. d4 Nf6 2. c4 c5 3. d5 e6 4. Nf3 exd5 5. cxd5 d6 6. Nc3 g6 7. Bf4 Bg7 8. Qa4+ Bd7 9. Qb3 Qc7 {9...b5 is the modern continuation.} 10. Nd2 {A61: Modern Benoni: Nf3 without early e4.} Nh5 $1 {[%cal Rh5f4]} 11. Bg5 h6 $1 {[%cal Rh6g5]} 12. Bh4 {White is slightly better.} (12. Be3 {seems wilder.} O-O 13. g3 Na6 14. Bg2 Rae8 15. Bf3) 12... g5 13. Bg3 Nxg3 14. hxg3 O-O 15. e3 a6 16. a4 Bf5 17. Be2 Nd7 {[#]} 18. O-O $146 ({Predecessor:} 18. e4 Bg6 19. O-O Rfe8 20. Qc2 Bd4 21. Bf3 Rab8 22. Ne2 Bg7 23. a5 Nf6 24. Nc3 {0-1 (36) Wojdynski,J-Szusterowski,P (1837) Polanica Zdroj 2010}) 18... Ne5 19. e4 Bd7 20. f4 Ng4 21. Bxg4 (21. e5 $11) 21... Bxg4 ({Black should play} 21... Bd4+ $17 22. Kh2 Bxg4) 22. Nf3 (22. e5 $1 $11) 22... Rae8 23. f5 (23. Rae1 $142) 23... c4 (23... Bd4+ $1 $17 24. Kh2 Bxc3 25. Qxc3 Rxe4) 24. Qc2 $15 Qc5+ 25. Kh1 Bxf3 (25... Bf6 {keeps more tension.} 26. a5 Kg7 27. Qd2 Rh8 28. Rf2 Rd8) 26. gxf3 b5 27. axb5 axb5 28. Ra5 Rb8 29. Rfa1 (29. Kg2 $11) 29... Rfe8 (29... Qe3 $17 30. Kg2 g4 31. fxg4 Rfe8) 30. Kg2 g4 31. fxg4 (31. Qd2 $11) 31... Bxc3 $17 32. Qxc3 (32. bxc3 $142 Qe3 33. f6) 32... Rxe4 33. Ra8 Ree8 34. Rxb8 Qxd5+ 35. Qf3 Qxf3+ 36. Kxf3 Rxb8 {[%mdl 4096] Endgame KR-KR} 37. Ke4 (37. Ra6 $15) 37... Kg7 (37... Re8+ $19 38. Kf3 b4) 38. Kd5 Kf6 (38... Re8 $17 39. Kxd6 Re2) 39. Kxd6 Kg5 40. Rh1 b4 ({Better is} 40... Kxg4 $17 41. Kc5 Rh8) 41. Ke5 $2 (41. Rc1 $1 $11) 41... c3 (41... Kxg4 42. Rh4+ Kxg3 43. Rxc4 $15) 42. bxc3 bxc3 {And now ...c2 would win.} ({Not} 42... b3 43. Rb1 $11) 43. Rc1 $2 (43. Rh5+ Kxg4 44. Rh4+ Kxg3 45. Rc4) 43... Rc8 $19 44. Kd6 Kxg4 45. f6 Kf5 46. Ke7 Kg6 (46... c2 $142 47. Rf1+ Kg6) 47. Rc2 h5 48. Kd7 Rc4 49. Ke7 Re4+ 50. Kd6 Re3 51. Rg2 Rd3+ 52. Ke5 Rd2 53. Rg1 c2 54. Rc1 Kg5 55. Ke4 Kxf6 56. Ke3 Rh2 57. Kf3 Kg5 58. Ra1 f5 59. Rc1 Kf6 60. Ra1 Ke5 61. Ke3 Kd5 62. Kd3 Rg2 63. Rf1 Rxg3+ 64. Kxc2 Ke4 65. Kd2 f4 66. Ke1 h4 67. Rh1 h3 68. Kf2 Ra3 $2 (68... Kf5 69. Ke1 Kg4) 69. Re1+ {[#]} Kf5 $2 (69... Re3 $1 $19 {[%cal Re3e1]} 70. Ra1 h2) 70. Re8 $1 $11 Ra2+ 71. Kf3 Ra3+ 72. Kf2 h2 73. Rh8 Ra1 74. Rxh2 Ra2+ 75. Kf3 Ra3+ 76. Kf2 Ke4 ({Resist} 76... Ra2+ 77. Kf3 $17) 77. Rh8 Ra2+ 78. Kf1 $1 Ke3 {Threatens to win with ...Ra1+.} (78... Rd2 $5 {[%cal Re4e3]}) 79. Re8+ Kf3 80. Kg1 $1 Ra1+ 81. Kh2 Kf2 82. Rb8 Re1 {Strongly threatening ...Re6.} 83. Rb3 Re3 84. Rb2+ Kf3 {( -> ...Re2+)} 85. Kg1 $2 {[%mdl 8192] [#]} (85. Kh3 $11) 85... Re1+ 86. Kh2 Re2+ {[%mdl 64] Double Attack. Accuracy: White = 52%, Black = 75%.} 0-1